000 01720 a2200205 4500
001 30090
005 20260407155612.0
008 260407a1963 arg spa d
003 AR-UNSa-BCEJYS
040 _aAR-UNSa-BCEJYS
_bspa
_cAR-UNSa-BCEJYS
080 _a657.474
_xTratamiento de los costos
245 1 0 _aCostos
264 1 _aBuenos Aires :
_bCangallo
_c1963
300 _a344 p.
_c23 cm.
505 _a1. Nociones sobre costos - 2. Componentes del costo - 3. Sistema y finalidades de la contabilidad de costos - 4. Contabilidad de costos y contabilidad general - 5. Plan de cuentas de una industria que lleva contabilidad de costos - 6. Organización industrial y contabilidad de costos - 7. Costo de los materiales de la producción industrial - 8. Control de los materiales de producción - 9. Compra de materiales - 10. Almacenaje de los materiales de producción - 11. Registro contable de los materiales - 12. Costo y control de la mano de obra - 13. Registros contables y extracontables de la mano de obra - 14. Costos industriales generales indirectos - Estudios preliminares de control y sus medidas en relación al costo de los productos - 15.Costos industriales generales - Distribución en sus diversos aspectos y registros de control - 16. Registración y análisis de la distribución de los costos industriales - 17. Aplicación de las cargas de los costos generales de producción - 18. Variaciones de la aplicación de las cargas a la producción - 19. Contabilización de los costos de producción industrial - Apéndice: El balance en las empresas industriales
942 _cBK
590 _aniveau_biblio:m niveau_hierar:0
100 1 _aLópes de Sa, Antonio
700 1 _aFernández, Manuel
999 _c2016
_d2016